| 000 | 00916nam a22002537a 4500 | ||
|---|---|---|---|
| 999 |
_c17877 _d17877 |
||
| 003 | AR-CdUCM | ||
| 008 | 190405b ||||| |||| 00| 0 spa d | ||
| 040 |
_aMUNICIPALIDAD PROVINCIAL DEL CUSCO _cBIBLIOTECA MUNICIPAL DEL CUSCO |
||
| 041 | _heng | ||
| 082 |
_a108 / _bB512 |
||
| 100 |
_aBerkeley, George _929835 |
||
| 245 | _aTratado sobre los principios del conocimiento humano / | ||
| 260 |
_aBuenos Aires : _bAguilar, _c1962. |
||
| 300 |
_a166 páginas ; _c20 cm. |
||
| 440 |
_aBiblioteca de iniciación filosófica _n57 _938084 |
||
| 505 | _aContenido : Cronología de obras de George Berkeley -- Principios del conocimiento humano -- Argumentum ad hominem -- causa de las ideas.. | ||
| 650 |
_aConocimiento humano _938085 |
||
| 650 |
_aIdolatras _938086 |
||
| 650 |
_aAteismo _923382 |
||
| 700 |
_aMasa, Pablo _938087 |
||
| 700 |
_aRodríguez Aranda, Luis _938088 |
||
| 942 |
_2ddc _cLIBROS |
||
| 945 | _arcc | ||